书目信息 |
| 题名: |
数据仓库中的决策支持
|
|
| 作者: | Gray , Watson 著 ;陈朔鹰 译 | |
| 分册: | ||
| 出版信息: | 北京 北京理工大学出版社 2001 |
|
| 页数: | 200页 | |
| 开本: | 26cm | |
| 丛书名: | ||
| 单 册: | ||
| 中图分类: | TP311.131 | |
| 科图分类: | ||
| 主题词: | 数据库--决策支持系统 , 数据库 , 决策支持系统 | |
| 电子资源: | ||
| ISBN: | 7-81045-766-7 | |
| 000 | 01066nam0 2200313 450 | |
| 001 | 073000001691 | |
| 005 | 20040205144339.0 | |
| 010 | @a7-81045-766-7@dCNY20.00 | |
| 100 | @a20040205d em y0chiy0110 ea | |
| 101 | 1 | @achi@ceng |
| 102 | @aCN@b110000 | |
| 105 | @ay z 000yy | |
| 200 | 1 | @a数据仓库中的决策支持@Ashu ju cang ku zhong de jue ce zhi chi@f(美)Paul Gray,(美)Hugh J.Watson著@g陈朔鹰等译 |
| 210 | @a北京@c北京理工大学出版社@d2001 | |
| 215 | @a200页@d26cm | |
| 330 | @a本书共分四部分,主要包括综述、创建数据仓库、数据仓库环境中的决策支持和用于决策支持的数据仓库产品等内容。 | |
| 510 | 1 | @aDecision Support in the Data Warehouse@zeng |
| 606 | 0 | @a数据库@x决策支持系统 |
| 606 | 0 | @a数据库 |
| 606 | 0 | @a决策支持系统 |
| 690 | @aTP311.131@v4 | |
| 701 | 1 | @aGray@bPaul@4著 |
| 701 | 1 | @aWatson@bHugh J.@4著 |
| 702 | 0 | @a陈朔鹰@Achen shuo ying@4译 |
| 801 | 0 | @aCN@bNLC@c20010726 |
| 801 | 2 | @aCN@bHX@c20040205 |
| 905 | @aBZT@dTP311.131@e1 | |
| 906 | @dCNY20.00@n0@r1 | |
| 999 | @tC@Ashuju@a20040205 14:43:37@Ishuju@i20040205 14:43:39 | |
| 数据仓库中的决策支持/(美)Paul Gray,(美)Hugh J.Watson著/陈朔鹰等译.-北京:北京理工大学出版社,2001 |
| 200页;26cm |
| ISBN 7-81045-766-7:CNY20.00 |
| 本书共分四部分,主要包括综述、创建数据仓库、数据仓库环境中的决策支持和用于决策支持的数据仓库产品等内容。 |
| ● |
| 相关链接 |
|
|
|
正题名:数据仓库中的决策支持
索取号:TP311.131/1
 
预约/预借
| 序号 | 登录号 | 条形码 | 馆藏地/架位号 | 状态 | 备注 |
| 1 | 414316 | 210446089 | 中心书库中库/ 中库028架A面2列3层7/ [索取号:TP311.131/1] | 在馆 | |
| 2 | 414317 | 210446070 | 中心书库中库/ 中库028架A面2列3层5/ [索取号:TP311.131/1] | 在馆 | |
| 3 | 414318 | 210446061 | 中心书库中库/ 中库028架A面2列3层1/ [索取号:TP311.131/1] | 在馆 | |
| 4 | 414319 | 210446052 | 中心书库中库/ 中库028架A面2列3层8/ [索取号:TP311.131/1] | 在馆 | |
| 5 | 414320 | 210446043 | 中心书库中库/ 中库028架A面2列3层3/ [索取号:TP311.131/1] | 在馆 | |
| 6 | 414321 | 210446034 | 中心书库中库/ 中库028架A面2列3层4/ [索取号:TP311.131/1] | 在馆 | |
| 7 | 414322 | 210446025 | 中心书库中库/ 中库028架A面2列3层2/ [索取号:TP311.131/1] | 在馆 | |
| 8 | 414323 | 210446016 | 中心书库中库/ 中库028架A面2列3层10/ [索取号:TP311.131/1] | 在馆 | |
| 9 | 414324 | 210446007 | 中心书库中库/ 中库028架A面2列3层6/ [索取号:TP311.131/1] | 在馆 | |
| 10 | 414325 | 210445990 | 中心书库中库/ 中库028架A面2列3层9/ [索取号:TP311.131/1] | 在馆 |